<?xml version="1.0" encoding="UTF-8"?>
<record
    xmlns:xsi="http://www.w3.org/2001/XMLSchema-instance"
    xsi:schemaLocation="http://www.loc.gov/MARC21/slim http://www.loc.gov/standards/marcxml/schema/MARC21slim.xsd"
    xmlns="http://www.loc.gov/MARC21/slim">

  <leader>02906nam a22002657a 4500</leader>
  <controlfield tag="001">3544</controlfield>
  <controlfield tag="003">FISKH</controlfield>
  <controlfield tag="005">20250530093739.0</controlfield>
  <controlfield tag="008">240318b        cb ||||| |||| 00| 0 eng d</controlfield>
  <datafield tag="040" ind1=" " ind2=" ">
    <subfield code="a">FISKH</subfield>
    <subfield code="b">khr </subfield>
    <subfield code="c">FISKH</subfield>
    <subfield code="d">FISKH</subfield>
  </datafield>
  <datafield tag="050" ind1=" " ind2=" ">
    <subfield code="a">PZ7</subfield>
  </datafield>
  <datafield tag="082" ind1=" " ind2=" ">
    <subfield code="a">895.9321032</subfield>
  </datafield>
  <datafield tag="100" ind1=" " ind2=" ">
    <subfield code="a">Keam, Doek</subfield>
  </datafield>
  <datafield tag="245" ind1=" " ind2=" ">
    <subfield code="a">&#x1797;&#x17BC;&#x1798;&#x17B7;&#x178F;&#x17B7;&#x179A;&#x1785;&#x17D2;&#x1786;&#x17B6;&#x1793; /</subfield>
  </datafield>
  <datafield tag="260" ind1=" " ind2=" ">
    <subfield code="a">&#x1797;&#x17D2;&#x1793;&#x17C6;&#x1796;&#x17C1;&#x1789; : </subfield>
    <subfield code="b">&#x1782;&#x17D2;&#x179A;&#x17B9;&#x17C7;&#x179F;&#x17D2;&#x1790;&#x17B6;&#x1793;&#x1794;&#x17C4;&#x17C7;&#x1796;&#x17BB;&#x1798;&#x17D2;&#x1796; &#x1793;&#x17B7;&#x1784;&#x1785;&#x17C2;&#x1780;&#x1795;&#x17D2;&#x179F;&#x17B6;&#x1799;</subfield>
    <subfield code="c">2003.</subfield>
  </datafield>
  <datafield tag="300" ind1=" " ind2=" ">
    <subfield code="a">92 pages :</subfield>
    <subfield code="c">22 cm </subfield>
  </datafield>
  <datafield tag="500" ind1=" " ind2=" ">
    <subfield code="a">&#x17A2;&#x1780;&#x17D2;&#x179F;&#x179A;&#x179F;&#x17B7;&#x179B;&#x17D2;&#x1794;&#x17CD;&#x1781;&#x17D2;&#x1798;&#x17C2;&#x179A;</subfield>
  </datafield>
  <datafield tag="520" ind1=" " ind2=" ">
    <subfield code="a">&#x179F;&#x1784;&#x17D2;&#x179A;&#x17D2;&#x1782;&#x17B6;&#x1798;&#x179B;&#x17C4;&#x1780;&#x179B;&#x17BE;&#x1780;&#x1791;&#x17B8;&#x1798;&#x17BD;&#x1799;&#x1794;&#x17B6;&#x1793;&#x1795;&#x17D2;&#x1791;&#x17BB;&#x17C7;&#x17A1;&#x17BE;&#x1784;&#x1780;&#x17D2;&#x1793;&#x17BB;&#x1784;&#x1786;&#x17D2;&#x1793;&#x17B6;&#x17C6; &#x17E1;&#x17E9;&#x17E1;&#x17E4; &#x178A;&#x179B;&#x17CB;&#x17E1;&#x17E9;&#x17E1;&#x17E9; &#x178A;&#x17C2;&#x179B;&#x1794;&#x17D2;&#x179A;&#x1791;&#x17C1;&#x179F;&#x1780;&#x1798;&#x17D2;&#x1796;&#x17BB;&#x1787;&#x17B6;&#x179F;&#x17D2;&#x1790;&#x17B7;&#x178F;&#x200B;&#x1793;&#x17C5;&#x1780;&#x17D2;&#x179A;&#x17C4;&#x1798;&#x1793;&#x17B9;&#x1798;&#x17A2;&#x17B6;&#x178E;&#x17B6;&#x1793;&#x17B7;&#x1782;&#x1798;&#x1794;&#x17B6;&#x179A;&#x17B6;&#x17C6;&#x1784; &#x1794;&#x17D2;&#x179A;&#x1787;&#x17B6;&#x179A;&#x17B6;&#x179F;&#x17D2;&#x178F;&#x17D2;&#x179A;&#x1781;&#x17D2;&#x1798;&#x17C2;&#x179A;&#x179A;&#x1784;&#x1791;&#x17BB;&#x1780;&#x17D2;&#x1781;&#x179C;&#x17C1;&#x1791;&#x1793;&#x17B6;&#x178F;&#x17D2;&#x179A;&#x17BC;&#x179C;&#x1796;&#x17BD;&#x1780;&#x17A2;&#x17B6;&#x178E;&#x17B6;&#x1793;&#x17B7;&#x1782;&#x1798;&#x1780;&#x17C1;&#x178E;&#x17D2;&#x178C;&#x17B2;&#x17D2;&#x1799;&#x1791;&#x17C5;&#x200B;&#x1785;&#x17D2;&#x1794;&#x17B6;&#x17C6;&#x1784;&#x1794;&#x17D2;&#x179A;&#x1786;&#x17B6;&#x17C6;&#x1784;&#x1793;&#x17B9;&#x1784;&#x1796;&#x17BD;&#x1780;&#x1795;&#x17B6;&#x179F;&#x17CA;&#x17B8;&#x179F;&#x17A2;&#x17B6;&#x17A1;&#x17BA;&#x1798;&#x17C9;&#x1784;&#x17CB;&#x17D4; &#x1791;&#x1793;&#x17D2;&#x1791;&#x17B9;&#x1798;&#x1793;&#x17B9;&#x1784;&#x1793;&#x17C4;&#x17C7;&#x1780;&#x17B6;&#x179A;&#x17A1;&#x17BE;&#x1784;&#x1790;&#x17D2;&#x179B;&#x17C3;&#x1796;&#x1793;&#x17D2;&#x1792;&#x178A;&#x17B6;&#x179A;&#x1780;&#x17CF;&#x1780;&#x17B6;&#x1793;&#x17CB;&#x178F;&#x17C2;&#x1780;&#x17BE;&#x1793;&#x17A1;&#x17BE;&#x1784;&#x1787;&#x17B6;&#x200B;&#x179A;&#x17C0;&#x1784;&#x179A;&#x17B6;&#x179B;&#x17CB;&#x1781;&#x17C2; &#x1792;&#x17D2;&#x179C;&#x17BE;&#x17B2;&#x17D2;&#x1799;&#x1794;&#x17D2;&#x179A;&#x1787;&#x17B6;&#x179A;&#x17B6;&#x179F;&#x17D2;&#x179A;&#x17D2;&#x178F;&#x1798;&#x17B6;&#x1793;&#x1780;&#x17B6;&#x179A;&#x1780;&#x17D2;&#x178F;&#x17C5;&#x1780;&#x17D2;&#x179A;&#x17A0;&#x17B6;&#x1799;&#x1799;&#x17C9;&#x17B6;&#x1784;&#x1781;&#x17D2;&#x179B;&#x17B6;&#x17C6;&#x1784;&#x17D4; &#x1794;&#x17D2;&#x179A;&#x1787;&#x17B6;&#x179A;&#x17B6;&#x179F;&#x17D2;&#x179A;&#x17D2;&#x178F;&#x1793;&#x17C5;&#x179F;&#x17D2;&#x179A;&#x17BB;&#x1780;&#x1798;&#x17BB;&#x1781;&#x1780;&#x17C6;&#x1796;&#x17BC;&#x179B;&#x1785;&#x17C6;&#x1793;&#x17BD;&#x1793;&#x200B;&#x17E3;&#x17E0;&#x17E0;&#x17E0;&#x1793;&#x17B6;&#x1780;&#x17CB;&#x1794;&#x17B6;&#x1793;&#x1792;&#x17D2;&#x179C;&#x17BE;&#x1794;&#x17B6;&#x178F;&#x17BB;&#x1780;&#x1798;&#x17D2;&#x1798; &#x1792;&#x17D2;&#x179C;&#x17BE;&#x1789;&#x178F;&#x17D2;&#x178F;&#x17B7;&#x179F;&#x17BB;&#x17C6;&#x17B2;&#x17D2;&#x1799;&#x179F;&#x17D2;&#x178F;&#x17C1;&#x1785;&#x179F;&#x17CA;&#x17B8;&#x179F;&#x17BB;&#x179C;&#x178F;&#x17D2;&#x1790;&#x17B7;&#x1787;&#x17BD;&#x1799;&#x1794;&#x1793;&#x17D2;&#x1792;&#x17BC;&#x179A;&#x1794;&#x1793;&#x17D2;&#x1790;&#x1799;&#x17A2;&#x17C6;&#x1796;&#x17B8;&#x1794;&#x1789;&#x17D2;&#x17A0;&#x17B6;&#x1796;&#x1793;&#x17D2;&#x1792;&#x178A;&#x17B6;&#x179A;&#x1793;&#x17C1;&#x17C7;&#x17D4; &#x179F;&#x17BC;&#x1798;&#x17D2;&#x1794;&#x17B8;&#x178F;&#x17C2;&#x1792;&#x1798;&#x17D2;&#x1798;&#x1787;&#x17B6;&#x178F;&#x17B7;&#x1780;&#x17CF;&#x1798;&#x17B6;&#x1793;&#x1780;&#x17B6;&#x179A;&#x1780;&#x17D2;&#x178F;&#x17C5;&#x1780;&#x17D2;&#x179A;&#x17A0;&#x17B6;&#x1799;&#x1796;&#x17BB;&#x17C7;&#x1780;&#x1789;&#x17D2;&#x179A;&#x17D2;&#x1787;&#x17C4;&#x179B;&#x1781;&#x17D2;&#x179B;&#x17B6;&#x17C6;&#x1784;&#x178A;&#x17C2;&#x179A; &#x178A;&#x17BC;&#x1785;&#x1787;&#x17B6;&#x1798;&#x17B6;&#x1793;&#x179A;&#x1793;&#x17D2;&#x1791;&#x17C7;&#x1794;&#x17B6;&#x1789;&#x17CB;&#x1785;&#x17C1;&#x178F;&#x17B7;&#x1799;&#x1796;&#x17D2;&#x179A;&#x17C7;&#x1780;&#x17C2;&#x179C;&#x200B;&#x1798;&#x179A;&#x1780;&#x178F; &#x1793;&#x17B7;&#x1784;&#x1795;&#x17D2;&#x1780;&#x17B6;&#x1799;&#x178A;&#x17BB;&#x17C7;&#x1780;&#x1793;&#x17D2;&#x1791;&#x17BB;&#x1799;&#x1787;&#x17B6;&#x178A;&#x17BE;&#x1798; &#x17D4;</subfield>
  </datafield>
  <datafield tag="520" ind1=" " ind2=" ">
    <subfield code="a">World War I broke out between 1914 and 1919, when Cambodia was under the yoke of French colonization, and the Khmer people suffered and were mobilized by the colonists to fight against the German fascists. At the same time, the tax increase is increasing every month, making people very angry. 3,000 people in Muk Kampul district demonstrated to petition King Sisowath to ease the tax issue.&#x200B; Even nature is very hot, such as lightning, stupas, emeralds and comets.
</subfield>
  </datafield>
  <datafield tag="650" ind1=" " ind2=" ">
    <subfield code="a">&#x1791;&#x17BB;&#x1780;&#x17D2;&#x1781;&#x179C;&#x17C1;&#x1791;&#x1793;&#x17B6;</subfield>
    <subfield code="y">&#x179F;&#x1798;&#x17D0;&#x1799;&#x17A2;&#x17B6;&#x178E;&#x17B6;&#x1793;&#x17B7;&#x1782;&#x1798;&#x1793;&#x17B7;&#x1799;&#x1798;&#x200B;&#x1794;&#x17B6;&#x179A;&#x17B6;&#x17C6;&#x1784;</subfield>
  </datafield>
  <datafield tag="650" ind1=" " ind2=" ">
    <subfield code="a">Suffering</subfield>
    <subfield code="y"> French colonial period</subfield>
  </datafield>
  <datafield tag="700" ind1=" " ind2=" ">
    <subfield code="a">&#x178C;&#x17C0;&#x1780; &#x17A2;&#x17C6; </subfield>
  </datafield>
  <datafield tag="942" ind1=" " ind2=" ">
    <subfield code="2">ddc</subfield>
    <subfield code="c">KHB</subfield>
    <subfield code="n">0</subfield>
  </datafield>
  <datafield tag="999" ind1=" " ind2=" ">
    <subfield code="c">3544</subfield>
    <subfield code="d">3544</subfield>
  </datafield>
  <datafield tag="952" ind1=" " ind2=" ">
    <subfield code="0">0</subfield>
    <subfield code="1">0</subfield>
    <subfield code="2">ddc</subfield>
    <subfield code="4">0</subfield>
    <subfield code="7">0</subfield>
    <subfield code="8">KH</subfield>
    <subfield code="a">001</subfield>
    <subfield code="b">001</subfield>
    <subfield code="c">OKHR</subfield>
    <subfield code="d">2024-03-18</subfield>
    <subfield code="l">0</subfield>
    <subfield code="o">KEA 895.9321032 PZ7 </subfield>
    <subfield code="p">FISTK03553</subfield>
    <subfield code="r">2024-03-18 10:54:11</subfield>
    <subfield code="t">1</subfield>
    <subfield code="w">2024-03-18</subfield>
    <subfield code="y">KHB</subfield>
  </datafield>
  <datafield tag="952" ind1=" " ind2=" ">
    <subfield code="0">0</subfield>
    <subfield code="1">0</subfield>
    <subfield code="2">ddc</subfield>
    <subfield code="4">0</subfield>
    <subfield code="7">0</subfield>
    <subfield code="8">KH</subfield>
    <subfield code="a">001</subfield>
    <subfield code="b">001</subfield>
    <subfield code="c">OKHR</subfield>
    <subfield code="d">2024-03-26</subfield>
    <subfield code="l">1</subfield>
    <subfield code="o">KEA 895.9321032 PZ7 </subfield>
    <subfield code="p">FISTK03552</subfield>
    <subfield code="r">2025-06-03 15:41:01</subfield>
    <subfield code="s">2024-10-07</subfield>
    <subfield code="t">2</subfield>
    <subfield code="w">2024-03-26</subfield>
    <subfield code="y">KHB</subfield>
  </datafield>
  <datafield tag="952" ind1=" " ind2=" ">
    <subfield code="0">0</subfield>
    <subfield code="1">0</subfield>
    <subfield code="2">ddc</subfield>
    <subfield code="4">0</subfield>
    <subfield code="7">0</subfield>
    <subfield code="8">KH</subfield>
    <subfield code="a">002</subfield>
    <subfield code="b">002</subfield>
    <subfield code="c">SKB</subfield>
    <subfield code="d">2024-03-26</subfield>
    <subfield code="l">0</subfield>
    <subfield code="o">KEA 895.9321032 PZ7 </subfield>
    <subfield code="p">FIS03815</subfield>
    <subfield code="r">2025-03-07 11:29:16</subfield>
    <subfield code="t">3</subfield>
    <subfield code="w">2024-03-26</subfield>
    <subfield code="y">KHB</subfield>
  </datafield>
  <datafield tag="952" ind1=" " ind2=" ">
    <subfield code="0">0</subfield>
    <subfield code="1">0</subfield>
    <subfield code="2">ddc</subfield>
    <subfield code="4">0</subfield>
    <subfield code="7">0</subfield>
    <subfield code="8">KH</subfield>
    <subfield code="a">002</subfield>
    <subfield code="b">002</subfield>
    <subfield code="c">SKB</subfield>
    <subfield code="d">2025-03-29</subfield>
    <subfield code="l">0</subfield>
    <subfield code="o">KEA 895.9321032 PZ7 </subfield>
    <subfield code="p">FIS03834</subfield>
    <subfield code="r">2025-03-29 09:35:06</subfield>
    <subfield code="t">4</subfield>
    <subfield code="w">2025-03-29</subfield>
    <subfield code="y">KHB</subfield>
  </datafield>
  <datafield tag="952" ind1=" " ind2=" ">
    <subfield code="0">0</subfield>
    <subfield code="1">0</subfield>
    <subfield code="2">ddc</subfield>
    <subfield code="4">0</subfield>
    <subfield code="7">0</subfield>
    <subfield code="8">KH</subfield>
    <subfield code="a">002</subfield>
    <subfield code="b">002</subfield>
    <subfield code="c">TTP Khmer</subfield>
    <subfield code="d">2025-04-09</subfield>
    <subfield code="l">0</subfield>
    <subfield code="o">KEA 895.9321032 PZ7 </subfield>
    <subfield code="p">2025-1010</subfield>
    <subfield code="r">2025-04-09 10:37:36</subfield>
    <subfield code="t">5</subfield>
    <subfield code="w">2025-04-09</subfield>
    <subfield code="y">KHB</subfield>
  </datafield>
  <datafield tag="952" ind1=" " ind2=" ">
    <subfield code="0">0</subfield>
    <subfield code="1">0</subfield>
    <subfield code="2">ddc</subfield>
    <subfield code="4">0</subfield>
    <subfield code="7">0</subfield>
    <subfield code="8">KH</subfield>
    <subfield code="a">002</subfield>
    <subfield code="b">002</subfield>
    <subfield code="c">TTP Khmer</subfield>
    <subfield code="d">2025-04-09</subfield>
    <subfield code="l">0</subfield>
    <subfield code="o">KEA 895.9321032 PZ7 </subfield>
    <subfield code="p">FISSE01730</subfield>
    <subfield code="r">2025-04-21 14:43:31</subfield>
    <subfield code="t">6</subfield>
    <subfield code="w">2025-04-09</subfield>
    <subfield code="y">KHB</subfield>
  </datafield>
</record>
